Central Library OPAC University of Rajshahi

Crusade, commerce, and culture / (Record no. 25287)

MARC details
000 -LEADER
fixed length control field 00851cam a22002651 4500
001 - CONTROL NUMBER
control field 25287
003 - CONTROL NUMBER IDENTIFIER
rucl marc code BD-RjUL
005 - DATE AND TIME OF LATEST TRANSACTION
control field 20211209050846.0
008 - FIXED-LENGTH DATA ELEMENTS--GENERAL INFORMATION
fixed length control field 140316s1962 inub b 001 0 eng
035 ## - SYSTEM CONTROL NUMBER
System control number (BD-RjUL)25356
System control number (OCoLC)392544
040 ## - CATALOGING SOURCE
Original cataloging agency DLC
Transcribing agency ODaWU
Modifying agency OCoLC
-- Uk
-- DLC
-- BD-RjUL
Language of cataloging eng
041 ## - LANGUAGE CODE
Language code of text/sound track or separate title eng
082 ## - DEWEY DECIMAL CLASSIFICATION NUMBER
Classification number 940.18
Author mark and year ATC
100 1# - MAIN ENTRY--PERSONAL NAME
Personal name Atiya, Aziz Suryal,
Dates associated with a name 1898-1988.
9 (RLIN) 76804
245 10 - TITLE STATEMENT
Title Crusade, commerce, and culture /
Statement of responsibility, etc. Aziz Suryal,Atiya
260 ## - PUBLICATION, DISTRIBUTION, ETC. (IMPRINT)
Place of publication, distribution, etc. Bloomington :
Name of publisher, distributor, etc. Indiana University Press,
Date of publication, distribution, etc. 1962.
300 ## - PHYSICAL DESCRIPTION
Pagination 280 p. :
Illustrations maps (2 fold.) ;
Size 21 cm.
500 ## - GENERAL NOTE
General note "Companion volume to [the author's] The crusade: historiography and bibliography."
504 ## - BIBLIOGRAPHY, ETC. NOTE
Bibliography, etc Includes Bibliography: p. [262]-269 and index.
650 #0 - SUBJECT ADDED ENTRY--TOPICAL TERM
Topical term or geographic name as entry element Crusades.
9 (RLIN) 77771
942 ## - ADDED ENTRY ELEMENTS (KOHA)
Source of classification or shelving scheme Dewey Decimal Classification
Koha item type Books
Holdings
Lost status Source of classification or shelving scheme Damaged status Not for loan Collection code Permanent Location Current Location Shelving location Date acquired Source of acquisition Cost, normal purchase price Total Checkouts Full call number Date last seen Copy number Koha item type
  Dewey Decimal Classification     Non-fiction Central Library, University of Rajshahi Central Library, University of Rajshahi   13/01/1967 Sh Mored Asraf 25.00   940.18 ATC 1962 16/03/2014 C-2 Books